Viroids (Record no. 42431)

MARC details
000 -LEADER
fixed length control field 00355nam a2200145Ia 4500
020 ## - INTERNATIONAL STANDARD BOOK NUMBER
ISBN 643067892
082 ## - DEWEY DECIMAL CLASSIFICATION NUMBER
Classification number 578
Item number HAD
100 ## - MAIN ENTRY--AUTHOR NAME
Personal name Hadidi, Ahmed
245 #0 - TITLE STATEMENT
Title Viroids
260 ## - PUBLICATION, DISTRIBUTION, ETC. (IMPRINT)
Place of publication Australia
Name of publisher CSIRO Publishing
Year of publication 2003
650 ## - SUBJECT ADDED ENTRY--TOPICAL TERM
Topical Term Gene silencing
650 ## - SUBJECT ADDED ENTRY--TOPICAL TERM
Topical Term Polymerase chain reaction
942 ## - ADDED ENTRY ELEMENTS (KOHA)
Koha item type Books
Holdings
Withdrawn status Lost status Damaged status Not for loan Home library Current library Date acquired Full call number Accession Number Koha item type
        RRII Library RRII Library 16/12/2021 578 HAD 22703 Books